|
|
|
|
| LEADER |
00000nab a2200000u 4500 |
| 001 |
vtls012278553 |
| 003 |
SK-MaSNL |
| 005 |
20260304224154.0 |
| 008 |
250625|20250623xo ||||||| || ||slo| |
| 038 |
|
|
|a KEVKJB
|
| 040 |
|
|
|a KEVKJB
|b slo
|e rda
|
| 041 |
0 |
|
|a slo
|
| 043 |
|
|
|a e-xo---
|
| 044 |
|
|
|a xo
|c SK
|
| 072 |
|
7 |
|a 791
|x Film. Cirkus. Ľudová zábava
|2 konspekt
|
| 080 |
|
|
|a 791.65.079
|2 2011
|
| 100 |
1 |
|
|a Danková, Elena
|4 aut
|9 1089718
|
| 245 |
1 |
0 |
|a Odštartoval košický filmový festival
|b Art Film je kokteilom pre každého fanúšika kinematografie
|c Elena Danková, Katarína Gécziová
|
| 300 |
|
|
|b Fotografie
|
| 336 |
|
|
|a text
|b txt
|2 rdacontent
|
| 337 |
|
|
|a bez média
|b n
|2 rdamedia
|
| 338 |
|
|
|a zväzok
|b nc
|2 rdacarrier
|
| 600 |
1 |
7 |
|a Kolářová, Daniela,
|d 1946-
|2 SNKMA
|9 8820
|
| 600 |
1 |
7 |
|a Mistrík, Ivan,
|d 1935-1982
|2 SNKMA
|9 6637
|
| 600 |
1 |
7 |
|a Ondrík, Milan,
|d 1980-
|2 kevkjb
|9 607786
|
| 600 |
1 |
7 |
|a Štrba, Martin,
|d 1961-
|2 kevkjb
|9 108197
|
| 610 |
2 |
7 |
|a Kunsthalle (Košice, Slovensko)
|2 kevkjb
|9 1083952
|
| 611 |
2 |
7 |
|a Art Film
|n (31. :
|d 2025 :
|c Košice, Slovensko)
|2 kevkjb
|9 1471765
|
| 650 |
0 |
7 |
|a filmové festivaly a prehliadky
|2 SNKPH
|9 3405
|
| 650 |
0 |
7 |
|a ceny a vyznamenania
|2 SNKPH
|9 73045
|
| 651 |
|
7 |
|a Košice (Slovensko)
|2 SNKPHgeo
|9 18694
|
| 700 |
1 |
|
|a Gécziová, Katarína
|4 aut
|9 1031787
|
| 773 |
0 |
|
|t Korzár - SME
|g Roč. XXVIII., č. 118 (23.6.2025), s. 6
|x 2585-7355
|
| 852 |
|
|
|a KEVKJB
|b KIS3GCP
|
| 856 |
4 |
1 |
|u https://kosice.korzar.sme.sk/c/23508080/art-film-kosice-ma-za-sebou-otvaraci-vecer-ocenenie-si-odniesol-ondrik-spominalo-sa-na-mistrika.html
|
| 999 |
|
|
|c 3171069
|d 3172999
|